[Event "France (championnat N2)"]
[Site "?"]
[Date "2004.03.14"]
[Round "9.9"]
[White "Piquemal Christiane"]
[Black "Maiffret Patrick"]
[Result "1/2-1/2"]
[WhiteElo "2052"]
[BlackElo "2008"]
[PlyCount "82"]
[EventDate "2004.??.??"]
[Source "www.chesslib.no"]
[SourceDate "2004.05.04"]

1. d4 d6 2. c4 g6 3. Nc3 Bg7 4. e4 Nc6 5. Nge2 e5 6. d5 Nce7 7. Bg5 h6 8. Be3 f5 9. f3 Nf6 10. Nc1 c6 11. Nd3 O-O 12. Qd2 fxe4 13. Nxe4 Nf5 14. Ndf2 Nxe3 15. Qxe3 Qa5+ 16. Qd2 Qxd2+ 17. Kxd2 cxd5 18. Nxf6+ Bxf6 19. cxd5 Bf5 20. Bd3 Bg5+ 21. Ke2 Rac8 22. Ne4 Bxe4 23. fxe4 Rf7 24. Raf1 Rcf8 25. Rxf7 Rxf7 26. g3 Bd8 27. Rc1 Bb6 28. Rf1 Rxf1 29. Kxf1 Kf7 30. Bb5 Bd4 31. b3 Ke7 32. Kg2 a6 33. Be2 Kf6 34. Bg4 b6 35. Bc8 a5 36. Kf3 Ke7 37. Kg4 Kf6 38. Bd7 Ke7 39. Bb5 Bc5 40. Kh4 Bg1 41. Kh3 Bd4 1/2-1/2

[Event "18. Open"]
[Site "?"]
[Date "2003.10.30"]
[Round "6"]
[White "Equey Daniel"]
[Black "Durpaire Andre"]
[Result "0-1"]
[WhiteElo "1952"]
[BlackElo "2096"]
[PlyCount "62"]
[EventDate "2003.??.??"]
[Source "www.chesslib.no"]
[SourceDate "2004.05.04"]

1. d4 d6 2. c4 g6 3. Nc3 Bg7 4. e4 Nc6 5. Nf3 Bg4 6. Be3 e5 7. d5 Nd4 8. Be2 Nxe2 9. Qxe2 Ne7 10. h3 Bd7 11. g4 O-O 12. O-O-O a6 13. Rdg1 Qc8 14. Nh4 Kh8 15. Qf3 c5 16. Bg5 f6 17. Bd2 b5 18. Qd3 bxc4 19. Qxc4 Rb8 20. Qd3 Qb7 21. Qc2 Nc8 22. Rg3 Nb6 23. b3 a5 24. Nb1 c4 25. Rc3 Rfc8 26. Be3 cxb3 27. axb3 Na8 28. Nd2 Nc7 29. Kd1 Nb5 30. Nc4 Nxc3+ 31. Qxc3 Qa6 0-1

[Event "10th TCh-Euro sen"]
[Site "Dresden GER"]
[Date "2008.02.18"]
[Round "8"]
[White "Jaeger, E."]
[Black "Keller, G."]
[Result "1-0"]
[WhiteElo "2038"]
[BlackElo "2008"]
[PlyCount "111"]
[EventDate "2008.02.11"]
[Source "www.chesslib.no"]
[SourceDate "2004.05.04"]

1. d4 d6 2. c4 g6 3. Nc3 Bg7 4. e4 Nc6 5. Be3 e5 6. Nge2 Bg4 7. Qa4 Bd7 8. Qd1 Bg4 9. d5 Nd4 10. f3 Nxe2 11. Bxe2 Bd7 12. Qd2 f5 13. exf5 gxf5 14. O-O-O f4 15. Bf2 Qe7 16. Kb1 Bf5+ 17. Ka1 Bf6 18. g4 Bg6 19. h4 h6 20. c5 dxc5 21. Bb5+ Kf8 22. h5 Bh7 23. Rhe1 Qd6 24. Bd3 b6 25. Ba6 Rd8 26. Bb7 a6 27. Bxa6 Ne7 28. Qe2 Nxd5 29. Rxd5 Qe7 30. Rxd8+ Qxd8 31. Ne4 Be7 32. Bc4 Qa8 33. Nc3 Bd6 34. Bh4 Kg7 35. Nb5 Qa5 36. Nxd6 cxd6 37. Rd1 Re8 38. Rxd6 Qa7 39. Bf6+ Kf8 40. Bb5 Bg8 41. Bc4 Qc7 42. Rd1 e4 43. Bxg8 exf3 44. Qxf3 Kxg8 45. Bc3 Qf7 46. Qc6 Re6 47. Rd8+ Kh7 48. Rd7 Rxc6 49. Rxf7+ Kg8 50. Rxf4 Rd6 51. Kb1 Rd1+ 52. Kc2 Rg1 53. Rf6 b5 54. Rxh6 b4 55. Bd2 c4 56. Bxb4 1-0

[Event "FRA, Nationale II 2004/2005"]
[Site "?"]
[Date "2004.10.10"]
[Round "1.6"]
[White "Bessieres Christophe"]
[Black "Poidevin Emmanuel"]
[Result "1/2-1/2"]
[WhiteElo "2042"]
[BlackElo "1989"]
[PlyCount "82"]
[EventDate "2004.??.??"]
[Source "www.chesslib.no"]
[SourceDate "2004.05.04"]

1. d4 d6 2. c4 g6 3. Nc3 Bg7 4. e4 Nc6 5. Be3 e5 6. d5 Nce7 7. Qd2 f5 8. f3 Nf6 9. Bd3 f4 10. Bf2 c5 11. dxc6 bxc6 12. Rd1 O-O 13. Bc2 Ne8 14. Bb3 Be6 15. Nge2 Qd7 16. Na4 Rd8 17. Qa5 Nc8 18. Nc5 Qc7 19. Qd2 Bf7 20. Na6 Qb7 21. Nc5 Qc7 22. Nc3 Bf6 23. N5a4 Ng7 24. O-O Be6 25. Qc2 Qf7 26. Rd2 Bxc4 27. Bxc4 Qxc4 28. b3 Qf7 29. Rfd1 Ne6 30. Ne2 c5 31. Nec3 Nd4 32. Qd3 Ne7 33. Qa6 Nec6 34. Nd5 g5 35. Bxd4 Nxd4 36. Qc4 Kg7 37. h3 h5 38. Nxf6 Kxf6 39. Qxf7+ Rxf7 40. Nc3 Ke6 41. Kf2 h4 1/2-1/2

[Event "GER Ch 71st"]
[Site "?"]
[Date "2003.08.02"]
[Round "9"]
[White "Meier Annemarie Sylvia"]
[Black "Grossmann Susan"]
[Result "1/2-1/2"]
[WhiteElo "2267"]
[BlackElo "1763"]
[PlyCount "38"]
[EventDate "2003.??.??"]
[Source "www.chesslib.no"]
[SourceDate "2004.05.04"]

1. d4 d6 2. c4 g6 3. Nc3 Bg7 4. e4 Nc6 5. Be3 e5 6. d5 Nce7 7. Qd2 f5 8. f3 Nf6 9. Bd3 O-O 10. h3 c6 11. Nge2 cxd5 12. cxd5 Nd7 13. Nb5 Nc5 14. b4 Nxd3+ 15. Qxd3 a5 16. Qc4 b6 17. Nc7 Rb8 18. Rc1 fxe4 19. fxe4 Kh8 1/2-1/2

[Event "Rheinhessen-ch M2"]
[Site "?"]
[Date "1997.??.??"]
[Round "7"]
[White "Sabel Reinhard"]
[Black "Sulic Kresimir"]
[Result "1/2-1/2"]
[WhiteElo "2050"]
[BlackElo "1957"]
[PlyCount "77"]
[EventDate "1997.??.??"]
[Source "www.chesslib.no"]
[SourceDate "2004.05.04"]

1. d4 d6 2. c4 g6 3. Nc3 Bg7 4. e4 Nc6 5. d5 Nb8 6. Be3 Nf6 7. Nf3 O-O 8. Be2 Nbd7 9. O-O Nc5 10. Nd2 e5 11. b4 Ncd7 12. c5 Ne8 13. Nc4 f5 14. f3 f4 15. Bf2 g5 16. Rc1 Ndf6 17. cxd6 cxd6 18. Nb5 g4 19. Qc2 g3 20. hxg3 Nh5 21. gxf4 Nxf4 22. Ne3 a6 23. Na3 Bh6 24. Bd1 Qg5 25. Re1 Bh3 26. g3 Rc8 27. Qd2 Rxc1 28. Qxc1 Ng2 29. f4 Nxf4 30. Be2 Nxe2+ 31. Rxe2 Rxf2 32. Kxf2 Nf6 33. Qh1 Ng4+ 34. Nxg4 Bxg4 35. Qh4 Qxh4 36. gxh4 Bxe2 37. Kxe2 b5 38. Nc2 Kf7 39. Ne3 1/2-1/2

[Event "Molde"]
[Site "?"]
[Date "2004.07.09"]
[Round "8"]
[White "Bjerke Silje"]
[Black "Mellem Nikolas Axel"]
[Result "1-0"]
[WhiteElo "2025"]
[BlackElo "1958"]
[PlyCount "63"]
[EventDate "2004.??.??"]
[Source "www.chesslib.no"]
[SourceDate "2004.05.04"]

1. d4 d6 2. c4 g6 3. Nc3 Bg7 4. e4 Nc6 5. Be3 e5 6. d5 Nd4 7. Qd2 Ne7 8. Nge2 Nxe2 9. Bxe2 f5 10. f3 O-O 11. O-O-O b6 12. Kb1 a5 13. h4 f4 14. Bf2 Kh8 15. g3 Ng8 16. gxf4 Bh6 17. h5 gxh5 18. Rxh5 Bxf4 19. Be3 Nf6 20. Rhh1 Nd7 21. Rdg1 Nc5 22. Bd1 Qf6 23. Nb5 Na6 24. Bxf4 Qxf4 25. Qg2 Qf7 26. f4 exf4 27. Bh5 f3 28. Qf2 Qe7 29. Bg6 Rg8 30. Qd4+ Rg7 31. Rxh7+ Kg8 32. Rxg7+ 1-0

[Event "Bayern"]
[Site "?"]
[Date "1999.??.??"]
[Round "?"]
[White "Blosze Erik"]
[Black "Wittal Werner"]
[Result "1/2-1/2"]
[WhiteElo "1995"]
[BlackElo "1975"]
[PlyCount "44"]
[EventDate "1999.??.??"]
[Source "www.chesslib.no"]
[SourceDate "2004.05.04"]

1. d4 d6 2. c4 g6 3. Nc3 Bg7 4. e4 Nc6 5. Be3 e5 6. Nge2 Nh6 7. Qd2 Ng4 8. Bg5 f6 9. Bh4 h5 10. h3 Nh6 11. dxe5 dxe5 12. Qxd8+ Kxd8 13. O-O-O+ Bd7 14. f4 Nf7 15. Nd5 g5 16. fxg5 fxg5 17. Bf2 Nd6 18. Nec3 Nd4 19. c5 Nf7 20. Ne2 Nxe2+ 21. Bxe2 c6 22. Nc3 Ke7 1/2-1/2

[Event "AUT Ch women"]
[Site "Austria"]
[Date "1996.??.??"]
[Round "8"]
[White "Lukan, Dunja"]
[Black "Mira, Helene"]
[Result "0-1"]
[WhiteElo "1770"]
[BlackElo "2195"]
[PlyCount "76"]
[EventDate "1996.??.??"]
[Source "www.chesslib.no"]
[SourceDate "2004.05.04"]

1. d4 d6 2. c4 g6 3. Nc3 Bg7 4. e4 Nc6 5. Be3 e5 6. d5 Nd4 7. Nge2 Nxe2 8. Bxe2 f5 9. f3 f4 10. Bf2 Nh6 11. Qd2 Nf7 12. c5 O-O 13. Rc1 dxc5 14. Bxc5 Qh4+ 15. Bf2 Qf6 16. Nb5 c6 17. Nxa7 cxd5 18. Nxc8 d4 19. Rc7 Rfxc8 20. Rxc8+ Rxc8 21. O-O Qc6 22. Bd3 Bf8 23. Qd1 Kg7 24. Qb3 Nd6 25. Qe6 Re8 26. Qb3 b5 27. Qc2 Qxc2 28. Bxc2 Nc4 29. Bd3 Nxb2 30. Bxb5 Ra8 31. Ra1 Ba3 32. Rc1 Ra7 33. Rc2 Rb7 34. Bf1 Nd1 35. Rd2 Ne3 36. Bxe3 fxe3 37. Rc2 Rb1 38. g3 d3 0-1

[Event "Politiken Cup"]
[Site "Helsingor DAN"]
[Date "2008.07.24"]
[Round "7"]
[White "Jacobsen, Mad"]
[Black "Hollesen, K."]
[Result "1/2-1/2"]
[WhiteElo "1831"]
[BlackElo "1996"]
[PlyCount "59"]
[EventDate "2008.07.19"]
[Source "www.chesslib.no"]
[SourceDate "2004.05.04"]

1. d4 d6 2. c4 g6 3. Nc3 Bg7 4. e4 Nc6 5. d5 Nb8 6. f4 e5 7. Nf3 Nd7 8. Be2 Ne7 9. O-O exf4 10. Bxf4 h6 11. Qc2 O-O 12. Rad1 Ne5 13. c5 f5 14. Bxe5 dxe5 15. d6 cxd6 16. cxd6 Nc6 17. Nb5 Qb6+ 18. Kh1 Bd7 19. Nh4 Rac8 20. Qb1 a6 21. Na3 Nd4 22. Rxd4 Qxd4 23. Nxg6 fxe4 24. Nxf8 Rxf8 25. Bc4+ Kh8 26. Rd1 Qf2 27. Rf1 Qc5 28. Rxf8+ Bxf8 29. Qxe4 Bc6 30. Qg4 1/2-1/2

[Event "Schwarzach"]
[Site "?"]
[Date "1998.08.30"]
[Round "9"]
[White "Windhofer Johann"]
[Black "Klinger Josef Sr"]
[Result "1/2-1/2"]
[WhiteElo "1859"]
[BlackElo "1868"]
[PlyCount "46"]
[EventDate "1998.??.??"]
[Source "www.chesslib.no"]
[SourceDate "2004.05.04"]

1. d4 d6 2. c4 g6 3. Nc3 Bg7 4. e4 Nc6 5. Be3 e5 6. d5 Nce7 7. f4 Nh6 8. fxe5 Ng4 9. Bd2 Nxe5 10. Be2 f5 11. Nf3 O-O 12. exf5 Bxf5 13. O-O c5 14. Nxe5 Bxe5 15. Bf4 Bxf4 16. Rxf4 g5 17. Rf2 Ng6 18. Bd3 Qd7 19. Qc2 Nf4 20. Bxf5 Rxf5 21. Raf1 Re8 22. Ne2 Nxe2+ 23. Rxe2 Rxf1+ 1/2-1/2

[Event "Deizisau"]
[Site "?"]
[Date "2000.04.24"]
[Round "8"]
[White "Panic Branko"]
[Black "Pielawa Martin"]
[Result "0-1"]
[WhiteElo "1941"]
[BlackElo "1646"]
[PlyCount "82"]
[EventDate "2000.??.??"]
[Source "www.chesslib.no"]
[SourceDate "2004.05.04"]

1. d4 d6 2. c4 g6 3. Nc3 Bg7 4. e4 Nc6 5. Nge2 e5 6. Be3 f5 7. exf5 Bxf5 8. d5 Nce7 9. Ng3 Bd7 10. Bg5 Nf6 11. Be2 O-O 12. Qd2 a6 13. Nce4 Nxe4 14. Nxe4 Bf5 15. Bf3 Qd7 16. O-O Bxe4 17. Bxe4 Nf5 18. Rac1 Nd4 19. f3 c5 20. dxc6 bxc6 21. Kh1 Rab8 22. Rfd1 Rb7 23. b3 Rfb8 24. c5 d5 25. Bd3 Ra7 26. Be3 Nf5 27. Rc2 Nxe3 28. Qxe3 Re8 29. Qe2 a5 30. a3 Rb8 31. Rb1 Rab7 32. b4 axb4 33. Ba6 b3 34. Rcb2 e4 35. fxe4 Bxb2 36. Bxb7 Bxa3 37. Ba6 Bxc5 38. exd5 cxd5 39. Qd3 Qe6 40. Bb5 b2 41. Ba4 Qe4 0-1

[Event "Essen (04.03.-20.03)"]
[Site "?"]
[Date "2002.03.19"]
[Round "8"]
[White "Mader Josef[30Katernb"]
[Black "Klatt Theodor"]
[Result "1/2-1/2"]
[WhiteElo "1662"]
[BlackElo "1860"]
[PlyCount "98"]
[EventDate "2002.??.??"]
[Source "www.chesslib.no"]
[SourceDate "2004.05.04"]

1. d4 d6 2. c4 g6 3. Nc3 Bg7 4. e4 Nc6 5. Be3 e5 6. d5 Nce7 7. Nf3 f5 8. Bd3 f4 9. Bd2 Bg4 10. h3 Bd7 11. Qb3 b6 12. Ng5 Qc8 13. Ne6 Bxe6 14. dxe6 Qxe6 15. Nd5 Nxd5 16. cxd5 Qe7 17. Bb5+ Kf7 18. Rc1 Nf6 19. Qc2 a6 20. Bd3 Rhc8 21. O-O g5 22. f3 h5 23. g3 Nd7 24. g4 Kg6 25. Be1 Bf6 26. gxh5+ Kxh5 27. Qg2 Nc5 28. Qg4+ Kh6 29. Bb1 a5 30. Rf2 Rg8 31. Rc3 b5 32. Rfc2 b4 33. Rc4 Rac8 34. Bf2 Na4 35. Rc6 Qd8 36. Be1 Rg7 37. Rh2 Nc5 38. Bf2 Nd7 39. Bd3 Rb8 40. Rc2 b3 41. axb3 Rxb3 42. Bc4 Qb8 43. Bxb3 Qxb3 44. Rxc7 Qd1+ 45. Kg2 Nc5 46. Rxg7 Kxg7 47. h4 Nxe4 48. Qd7+ Kg8 49. Qe8+ Kg7 1/2-1/2

[Event "Saint Quentin"]
[Site "?"]
[Date "2004.04.19"]
[Round "2.31"]
[White "Dumesnil Alain"]
[Black "Urtado Olivier"]
[Result "0-1"]
[WhiteElo "1480"]
[BlackElo "1840"]
[PlyCount "74"]
[EventDate "2004.??.??"]
[Source "www.chesslib.no"]
[SourceDate "2004.05.04"]

1. d4 d6 2. c4 g6 3. Nc3 Bg7 4. e4 Nc6 5. Be3 e5 6. d5 Nce7 7. Bd3 f5 8. f3 Nf6 9. Nge2 O-O 10. O-O f4 11. Bd2 g5 12. Kh1 Ng6 13. Be1 g4 14. Ng1 Bd7 15. b4 h5 16. b5 h4 17. a4 g3 18. h3 Nh7 19. Bd2 Ng5 20. Re1 Qc8 21. Bf1 Nh8 22. a5 Rf6 23. Na4 Nhf7 24. Qb3 Nxh3 25. Nxh3 Bxh3 26. gxh3 Ng5 27. Bg2 Nxh3 28. Re2 Nf2+ 29. Rxf2 gxf2 30. Kh2 h3 31. Bxh3 Rh6 32. Kg2 Qxh3+ 33. Kxf2 Qh2+ 34. Ke1 Qg1+ 35. Ke2 Rh2+ 36. Kd3 Qd4+ 37. Kc2 Qxd2+ 0-1

[Event "MVP"]
[Site "?"]
[Date "1999.02.07"]
[Round "4"]
[White "Radloff Arno"]
[Black "Plock Jörg"]
[Result "0-1"]
[WhiteElo "1520"]
[BlackElo "1676"]
[PlyCount "72"]
[EventDate "1999.??.??"]
[Source "www.chesslib.no"]
[SourceDate "2004.05.04"]

1. d4 d6 2. c4 g6 3. Nc3 Bg7 4. e4 Nc6 5. Be3 e5 6. d5 Nce7 7. Bd3 f5 8. f3 f4 9. Bf2 Nf6 10. Nge2 Bd7 11. Qd2 g5 12. g4 h5 13. gxh5 Rxh5 14. O-O-O Ng6 15. Kb1 Kf7 16. Rdg1 Qh8 17. Qe1 Rxh2 18. Rxh2 Qxh2 19. Rxg5 Rh8 20. Qg1 Qxg1+ 21. Rxg1 Rh2 22. Bxa7 Nh4 23. Rf1 Bh3 24. Rd1 Nxf3 25. Bb8 Ne8 26. Nb5 Bg4 27. Nxc7 Nd4 28. Nxe8 Kxe8 29. Bxd6 Bxe2 30. Bxe2 Rxe2 31. Bb4 f3 32. c5 Rg2 33. c6 bxc6 34. dxc6 f2 35. c7 Kd7 36. Rc1 Kc8 0-1

[Event "Wewelsburg"]
[Site "?"]
[Date "1999.07.25"]
[Round "1"]
[White "Kopp Jan"]
[Black "Dreser Dominik"]
[Result "1-0"]
[WhiteElo "1753"]
[BlackElo "1268"]
[PlyCount "53"]
[EventDate "1999.??.??"]
[Source "www.chesslib.no"]
[SourceDate "2004.05.04"]

1. d4 d6 2. c4 g6 3. Nc3 Bg7 4. e4 Nc6 5. Be3 e5 6. Nge2 f5 7. f3 fxe4 8. Nxe4 Bf5 9. d5 Bxe4 10. fxe4 Nd4 11. Ng3 Qh4 12. Be2 Nxe2 13. Qxe2 Nf6 14. Bf2 O-O 15. h3 Bh6 16. Nf5 Bd2+ 17. Qxd2 Qxe4+ 18. Ne3 Nh5 19. Qc2 Qf4 20. O-O Ng3 21. Bxg3 Qxg3 22. Qe2 Rf4 23. Rxf4 exf4 24. Ng4 h5 25. Qe6+ Kg7 26. Qf6+ Kh7 27. Qf7+ 1-0

[Event "BEM-ch U16/18"]
[Site "?"]
[Date "2000.11.26"]
[Round "6"]
[White "Fink Tamino"]
[Black "Schaefer Daniel"]
[Result "1/2-1/2"]
[WhiteElo "1218"]
[BlackElo "1187"]
[PlyCount "90"]
[EventDate "2000.??.??"]
[Source "www.chesslib.no"]
[SourceDate "2004.05.04"]

1. d4 d6 2. c4 g6 3. Nc3 Bg7 4. e4 Nc6 5. Nf3 Bg4 6. Be3 Bxf3 7. Qxf3 Bxd4 8. Bxd4 Nxd4 9. Qd1 e5 10. Be2 Ne7 11. O-O O-O 12. Bg4 b6 13. f4 f6 14. f5 g5 15. Be2 Nec6 16. Nd5 Ne7 17. Bd3 Nxd5 18. cxd5 Rf7 19. Qg4 Rc8 20. Rac1 c6 21. dxc6 Rxc6 22. Bc4 Qc7 23. Bxf7+ Qxf7 24. Rxc6 Nxc6 25. Rd1 Nd4 26. h4 h5 27. Qh3 g4 28. Qe3 Kh7 29. b3 Qd7 30. Kh2 d5 31. Rc1 dxe4 32. Qxe4 Kg7 33. Qe3 Nxf5 34. Qc3 Kg6 35. Qc7 Qd2 36. Qc2 Qxc2 37. Rxc2 Nxh4 38. Rc7 a6 39. Rb7 b5 40. Ra7 Nf5 41. Rxa6 Nd4 42. a4 bxa4 43. bxa4 Nb3 44. Rb6 Na5 45. Rb5 Nc6 1/2-1/2